| 000 | 00636nam a2200217 a 4500 | ||
|---|---|---|---|
| 005 | 20140310183457.0 | ||
| 008 | 100114s19uu xx 00 eng d | ||
| 020 | _a9789814246415 | ||
| 050 |
_aQA 76.5 _b.P318 2009 |
||
| 100 | _aMorley, Deborah | ||
| 245 |
_aUnderstanding computers : _btoday and tomorrow / _cDeborah Morley, Charles S. Parker. |
||
| 250 | _a11th ed. | ||
| 260 |
_aAustralia : _bCENGAGE, _c2009. |
||
| 300 |
_a703 p. : _b ill. (some col.) ; _c28 cm. |
||
| 521 | _aIT | ||
| 650 | _aComputers. | ||
| 650 | _aElectronic data processing. | ||
| 700 | _aParker, Charles S. | ||
| 942 |
_cBK _2lcc _kFOR |
||
| 999 |
_c23670 _d23670 |
||